000 00531nam a2200193Ia 4500
005 20250326141705.0
008 250326s9999 xx 000 0 und d
020 _a0-13-493560-8
037 _aTextbook
040 _aFMSL
_beng
_cFMSL
041 _aeng
_2eng
084 _aV.8.7 M6
_qFMSL
100 _aKoenig L W
_9744905
245 0 _aIntroduction to public policy
_cKoenig L W
260 _aNew Jersey
_bNew Jersey, Prentice Hall
_c1986
300 _a381p
942 _cTB
_hV.8.7 M6
999 _c1291511
_d1291511